000 00461nam a2200169Ia 4500
005 20250508162442.0
008 008 250505s9999 xx 000 0 hin d
037 _aTextual
040 _aFEDL
_beng
_cFEDL
041 _ahin
_2eng
084 _a294.5, UPA
_qFEDL
100 _aUpadhyaya Vachaspati
245 0 _aDharmasastra samgraha. 2 Vols
260 _aNew Delhi, India
_bNavrang
942 _cTEXL
_h294.5, UPA
999 _c1376629
_d1376629